| 000 | 01629nam a22001697a 4500 | ||
|---|---|---|---|
| 999 |
_c521321 _d521321 |
||
| 008 | 230104b ||||| |||| 00| 0 eng d | ||
| 100 |
_aKumar, Agrawal Sanjay _936516 |
||
| 245 | _aE-governance reforms in road transport sector and economic growth in Bihar; For Full Text http://172.16.0.15:8080/xmlui/handle/1/4967 | ||
| 260 | _aBihar Journal of Public Administration | ||
| 300 | _a19(1), Jan-Jun, 2022: p.1-15 | ||
| 520 | _aBihar has recorded the highest growth during the last three years among major states of India. When majority of states registered negative growth in the pandemic year (2020-21), Bihar registered positive and highest growth. This growth is even highest among major Indian states during the pandemic year (2020-21), however, majority of states registered negative growth during the pandemic year. The paper quantifies the growth drivers of the economy and found that the road transport sector has been growing over 10 percent during the last decade. The growth recorded under road transport is the highest among other major Indian states. This background posesthe question in mind that what is the reason behind this growth process and which sectors playing major role in the engine of growth? The paper further attempts to diagnose the origin of growth in transport sector and corresponding reforms undertaken in this sector. – Reproduced | ||
| 650 |
_ae-Governance, Policy reforms, Road transport, Economic growth, Bihar. _935016 |
||
| 773 | _aBihar Journal of Public Administration | ||
| 856 | _uhttp://172.16.0.15:8080/xmlui/handle/1/7804 | ||
| 906 | _aE-GOVERNMENT | ||
| 942 |
_cAR _2ddc |
||